Ágape se paga / (Registro nro. 11150)

Detalles MARC
000 -LIDER
fixed length control field 00702nam a22002417a 4500
001 - NÚMERO DE CONTROL
Identificador de número de control 001122
003 - IDENTIFICACDOR DE NÚMERO DE CONTROL
control field DO-SdBNP
005 - DATE AND TIME OF LATEST TRANSACTION
control field 20171212113849.0
007 - CAMPOS FIJOS DE DESCRIPCIÓN FÍSICA
fixed length control field 001122
008 - ELEMENTOS DE LONGITUD FIJA
fixed length control field 160811b 2008 mx||||| |||| 00| 0 spa d
020 ## - ISBN
International Standard Book Number 9788496867284
040 ## - FUENTE DE CATALOGACIÓN
Agencia que crea de manera original el registro BPMSU
Idioma de catalogación spa
Agencia que realiza la transcripción BPMSU
092 ## - LOCALLY ASSIGNED DEWEY DECIMAL CALL NUMBER
Número de clasificación xxxxxxx
Número de ítem (Cutter) xxxxxxx
100 1# - ASIENTO PRINCIPAL -- NOMBRE PERSONAL
Nombre personal Gaddis, William,
Fechas asociadas con el nombre 1922-
245 1# - MENCIÓN DE TITULO
Título Ágape se paga /
Mención de responsabilidad William Gaddis ; traducción Miguel Martínez-Lage ; prólogo Rodrigo Fresán ;
490 1# - MENCIÓN DE SERIES
Mención de serie sextopiso
700 1# - ASIENTO SECUNDARIO -- NOMBRE PERSONAL
Nombre personal Martínez-Lage, Miguel,
Mención de responsabilidad tr.
700 1# - ASIENTO SECUNDARIO -- NOMBRE PERSONAL
Nombre personal Fresán, Rodrigo,
Mención de responsabilidad pról.
830 #0 - ASIENTO SECUNDARIO DE SERIE--TÍTULO UNIFORME
Título uniforme sextopiso
942 ## - ADDED ENTRY ELEMENTS (KOHA)
Source of classification or shelving scheme Dewey Decimal Classification
Koha item type Libros
945 ## - INFORMACIÓN DE PROCESAMIENTO LOCAL
Información de procesamiento local inventariado extranjero / DG
956 ## - LOCAL ELECTRONIC LOCATION AND ACCESS (OCLC)
Nombre de host BTAVÁREZ
Número de acceso 10
Información de compresión 20161108
Trayectoria 001122
Existencias
Withdrawn status Lost status Source of classification or shelving scheme Damaged status Not for loan Collection code Home library Current library Date acquired Source of acquisition Total Checkouts Barcode Date last seen Price effective from Koha item type
    Dewey Decimal Classification       Biblioteca Pública Metropolitana Salomé Ureña Biblioteca Pública Metropolitana Salomé Ureña 08/11/2016 Donación   BPMSU16080168 08/11/2016 08/11/2016 Libros